000 00427nam a2200181Ia 4500
001 15224
005 20260306165012.0
008 260306t2006||||xx |||||||||||||| ||spa||
041 _aESP
082 _a530.15
_bG48
100 _aGiordano, Nicholas J.
_eAUT
245 0 _aComputational physics
260 _c2006
300 _axiii, 544 páginas :
_c24 cm.
650 _aGEN
654 _aCCN
942 _cLIB
_dJUS
_fJUS
_2ddc
_n
999 _c15224
_d15224